La domesticación del Minotauro: clase media y sociología en República Dominicana

Đã lưu trong:
Chi tiết về thư mục
Tác giả chính: Lozano, Wilfredo
Định dạng: Texto
Được phát hành: s.l.: s.e.
Các nhãn: Thêm thẻ
Không có thẻ, Là người đầu tiên thẻ bản ghi này!

MARC

LEADER 00000 a a2200000 04500
001 24029
003
040
090 |a 170500  
100 |a Lozano, Wilfredo  
245 |a La domesticación del Minotauro: clase media y sociología en República Dominicana  
260 |a s.l.:   |b s.e.  
300 |a 14 p.  
999 |c 14041  |d 14041